| 000 | 01601nam0a2200361 4500 | ||
|---|---|---|---|
| 001 | RU\NLR\BIBL_A\022613218 | ||
| 005 | 20260420052758.0 | ||
| 010 |
_a978-5-00252-180-7 _92000 |
||
| 021 |
_aRU _bКН-П-25-040722 _9КН-П-25-3963 |
||
| 035 | _a(NLR Aleph) 022613218 | ||
| 090 |
_a13683438 _c13683438 |
||
| 100 | _a20250902d2025 u y0rusy50 ca | ||
| 101 | 1 |
_arus _cfre |
|
| 102 | _aRU | ||
| 105 | _aa z 000ay | ||
| 181 | 0 |
_ai2 _bxxxe |
|
| 181 | 0 |
_ab2 _bxb2e |
|
| 182 | 0 | _an | |
| 200 | 1 |
_aДинозаврик Дин не хочет спать! _e[для чтения взрослыми детям] _fнаписала Мим _gТьерри Бедуэ _g[перевод с французского Дмитрия Румянцева] _gнарисовал Тьерри Бедуэ |
|
| 203 |
_aТекст _aИзображение _bвизуальные _cнепосредственные |
||
| 210 |
_aМосква _cКлевер-Медиа-Групп, Clever _d2025 |
||
| 215 |
_a[33] с. _cцв. ил. _d21 |
||
| 225 | 1 | _aПриключения динозаврика Дина | |
| 333 | _a0+ | ||
| 686 | 0 | _aШ9(4Фр)60-4Мим | |
| 700 | 0 |
_7ca _8rus _aМим _cпсевдоним _cписательница, дет. лит _f1976- _9185257 _3RU\NLR\AUTH\770185308 |
|
| 702 | 1 |
_4040 _7ca _8rus _aБедуэ _bТ. _f1970- _gТьерри _92652507 _3RU\NLR\AUTH\770280540 |
|
| 942 | _cBOOK | ||
| 980 | _aNB | ||